[Event "ISR-chT"]
[Site "Israel"]
[Date "2025.03.07"]
[Round "11.2"]
[White "Zifroni, Dov"]
[Black "Steinberg, Nitzan"]
[Result "1/2-1/2"]
[WhiteElo "2446"]
[BlackElo "2565"]
[PlyCount "41"]
[EventDate "2025.01.08"]
[EventType "team-tourn"]
[EventRounds "11"]
[EventCountry "ISR"]
[SourceTitle "CB12_2025"]
[SourceDate "2025.03.19"]
[SourceVersion "1"]
[SourceVersionDate "2025.03.19"]
[SourceQuality "1"]
[WhiteTeam "Herzliya CC"]
[BlackTeam "Rishon Le Zion Feldklein"]
[WhiteTeamCountry "ISR"]
[BlackTeamCountry "ISR"]

1. Nf3 d5 2. d4 Nf6 3. c4 e6 4. e3 c5 5. cxd5 exd5 6. Bb5+ Nc6 7. 0-0 Bd7 8. Nc3 a6 9. Bxc6 Bxc6 10. dxc5 Bxc5 11. Nd4 0-0 12. b3 Bd7 13. Bb2 Re8 14. Rc1 Bd6 15. Nce2 Ne4 16. Nf3 Bg4 17. Qd4 Nf6 18. Qd3 Ne4 19. Qd4 Nf6 20. Qd3 Ne4 21. Qd4 1/2-1/2

[Event "ISR-chT"]
[Site "Israel"]
[Date "2025.03.01"]
[Round "10.2"]
[White "Guz, Ari"]
[Black "Zifroni, Dov"]
[Result "1/2-1/2"]
[WhiteElo "2341"]
[BlackElo "2446"]
[PlyCount "34"]
[EventDate "2025.01.08"]
[EventType "team-tourn"]
[EventRounds "11"]
[EventCountry "ISR"]
[SourceTitle "CB12_2025"]
[SourceDate "2025.03.19"]
[SourceVersion "1"]
[SourceVersionDate "2025.03.19"]
[SourceQuality "1"]
[WhiteTeam "Rishon Le iZion II"]
[BlackTeam "Herzliya CC"]
[WhiteTeamCountry "ISR"]
[BlackTeamCountry "ISR"]

1. d4 d5 2. Nf3 Nf6 3. c4 e6 4. Nc3 Nbd7 5. Bf4 dxc4 6. e3 Nd5 7. Bxc4 Nxf4 8. exf4 Bd6 9. Ne5 0-0 10. 0-0 Nb6 11. Bd3 Nd5 12. Qh5 g6 13. Qf3 Nxc3 14. bxc3 c5 15. Rab1 cxd4 16. cxd4 Bc7 17. Rfd1 Qd5 1/2-1/2

[Event "ISR-chT"]
[Site "Israel"]
[Date "2024.03.02"]
[Round "10.16"]
[White "Zifroni, Dov"]
[Black "Iliaguev, Nisim"]
[Result "0-1"]
[WhiteElo "2460"]
[BlackElo "2397"]
[PlyCount "116"]
[EventDate "2024.01.10"]
[EventType "team-tourn"]
[EventRounds "11"]
[EventCountry "ISR"]
[SourceTitle "CBM 218 Extra"]
[Source "ChessBase"]
[SourceDate "2024.03.31"]
[SourceVersion "1"]
[SourceVersionDate "2024.03.31"]
[SourceQuality "1"]
[WhiteTeam "Herzliya CC"]
[BlackTeam "Ramat Gan Etiod"]
[WhiteTeamCountry "ISR"]
[BlackTeamCountry "ISR"]

1. d4 Nf6 2. Nf3 e6 3. g3 b6 4. Bg2 Bb7 5. 0-0 Be7 6. c4 0-0 7. Bf4 d6 8. Nc3 Nbd7 9. Qc2 c5 10. dxc5 Nxc5 11. Rfd1 Nfe4 12. Rac1 Nxc3 13. Qxc3 Qc7 14. b4 Ne4 15. Qd3 e5 16. Be3 a5 17. a3 axb4 18. axb4 Ra2 19. Nd2 Nf6 20. Bxb7 Qxb7 21. Bg5 Ne8 22. Bxe7 Qxe7 23. Ne4 Qb7 24. Nc3 Ra8 25. Qd5 Rb8 26. Ne4 Qe7 27. Qc6 h5 28. Nxd6 Nxd6 29. Qxd6 Qxd6 30. Rxd6 Rfc8 31. f4 exf4 32. gxf4 Re8 33. Kf2 Re4 34. e3 Rc8 35. Rd4 Re6 36. Rd5 g6 37. c5 Kg7 38. Rc2 bxc5 39. bxc5 Kf6 40. Kf3 Ra6 41. Re5 Ra4 42. Ke2 Rc7 43. Kd2 Kg7 44. Kc3 f6 45. Kb3 Ra1 46. Rd5 Kf7 47. Kc4 Ke6 48. Rd6+ Ke7 49. Rb6 Rd1 50. Rb8 Ke6 51. Rbb2 Rd8 52. Rd2 Ra8 53. Rb6+ Kf5 54. Rd5+ Ke4 55. Re6+ Kf3 56. c6 Ra2 57. Rxf6 Rxh2 58. Kc5 h4 0-1

[Event "ISR-chT"]
[Site "Israel"]
[Date "2024.02.09"]
[Round "5.34"]
[White "Efroimski, Marsel"]
[Black "Zifroni, Dov"]
[Result "1/2-1/2"]
[WhiteElo "2449"]
[BlackElo "2460"]
[PlyCount "70"]
[EventDate "2024.01.10"]
[EventType "team-tourn"]
[EventRounds "11"]
[EventCountry "ISR"]
[SourceTitle "CBM 218 Extra"]
[Source "ChessBase"]
[SourceDate "2024.03.31"]
[SourceVersion "1"]
[SourceVersionDate "2024.03.31"]
[SourceQuality "1"]
[WhiteTeam "Rishon Le iZion II"]
[BlackTeam "Herzliya CC"]
[WhiteTeamCountry "ISR"]
[BlackTeamCountry "ISR"]

1. e4 c5 2. Nf3 d6 3. d4 cxd4 4. Nxd4 Nf6 5. Nc3 g6 6. Be3 Bg7 7. f3 0-0 8. Qd2 Nc6 9. 0-0-0 d5 10. exd5 Nxd5 11. Nxc6 bxc6 12. Bd4 Nxc3 13. Qxc3 Bh6+ 14. Be3 Bxe3+ 15. Qxe3 Qb6 16. Qxe7 Be6 17. Qa3 Rfd8 18. Re1 a5 19. Qe3 Qb4 20. a3 Qd6 21. h4 Qd5 22. c4 Qd4 23. h5 Bxc4 24. hxg6 hxg6 25. Bxc4 Qxc4+ 26. Kb1 Qd3+ 27. Qxd3 Rxd3 28. Rc1 Rb8 29. Rxc6 Rxa3 30. Rhc1 Kg7 31. Ra6 Rab3 32. Rc2 R8b5 33. Ka2 R3b4 34. Ka3 Rb3+ 35. Ka2 R3b4 1/2-1/2

[Event "ISR-chT"]
[Site "Israel"]
[Date "2022.04.29"]
[Round "11.2"]
[White "Ehrlich, Roy"]
[Black "Zifroni, Dov"]
[Result "1/2-1/2"]
[WhiteElo "2174"]
[BlackElo "2478"]
[PlyCount "186"]
[EventDate "2022.01.14"]
[EventType "team-tourn"]
[EventRounds "11"]
[EventCountry "ISR"]
[SourceTitle "EXT 2023"]
[Source "ChessBase"]
[SourceDate "2022.10.05"]
[SourceVersion "1"]
[SourceVersionDate "2022.10.05"]
[SourceQuality "1"]
[WhiteTeam "Tel Aviv"]
[BlackTeam "Herzliya"]
[WhiteTeamCountry "ISR"]
[BlackTeamCountry "ISR"]

1. e4 e5 2. Nc3 Nf6 3. g3 d5 4. exd5 Nxd5 5. Bg2 Nxc3 6. bxc3 Nc6 7. Nf3 Bc5 8. 0-0 0-0 9. Re1 f6 10. d4 exd4 11. Qd3 Kh8 12. Qc4 Bd6 13. cxd4 Bf5 14. Nh4 Bd7 15. Bb2 Rb8 16. Qe2 Qe8 17. Qf3 Ne7 18. c4 b6 19. Ba3 Rf7 20. Bxd6 cxd6 21. Qa3 Qd8 22. Qxd6 g5 23. Nf3 Bg4 24. Qa3 Nc6 25. Nxg5 fxg5 26. Bxc6 Qxd4 27. Qe3 Qxe3 28. Rxe3 Rbf8 29. Rf1 Bh3 30. Bg2 Bxg2 31. Kxg2 Rc8 32. Rc1 Rfc7 33. Kf3 Rxc4 34. Rxc4 Rxc4 35. Re8+ Kg7 36. Re7+ Kg6 37. Rxa7 h5 38. Re7 Kf5 39. Re3 g4+ 40. Kg2 Rc2 41. a3 Rb2 42. a4 Ra2 43. Rb3 Rxa4 44. Rb5+ Kg6 45. Rxb6+ Kg7 46. h3 Rc4 47. hxg4 hxg4 48. Kf1 Re4 49. Ra6 Kh7 50. Rf6 Re5 51. Rf4 Rg5 52. Ke2 Kg6 53. Ke3 Kh5 54. Ke4 Kg6 55. Rf8 Ra5 56. Rg8+ Kh5 57. Rd8 Ra2 58. Rd5+ Kg6 59. Ke3 Ra3+ 60. Rd3 Ra4 61. Rd6+ Kf5 62. Rd5+ Kg6 63. Rd6+ Kf5 64. Rd8 Re4+ 65. Kd3 Ra4 66. Rd4 Ra3+ 67. Ke2 Ra2+ 68. Rd2 Ra3 69. Rd3 Ra2+ 70. Ke3 Kg6 71. Rb3 Kf5 72. Rb8 Ra3+ 73. Kd4 Ra4+ 74. Kd5 Ra5+ 75. Kc4 Ra4+ 76. Kb5 Ra2 77. Rf8+ Kg5 78. Kc4 Ra4+ 79. Kd5 Ra5+ 80. Kc4 Ra4+ 81. Kb5 Ra2 82. Rf4 Rc2 83. Kb4 Rb2+ 84. Kc4 Ra2 85. Kd5 Ra5+ 86. Ke6 Ra6+ 87. Kf7 Ra7+ 88. Kg8 Ra8+ 89. Kg7 Ra7+ 90. Rf7 Ra6 91. Rb7 Rg6+ 92. Kf8 Rf6+ 93. Rf7 Kg6 1/2-1/2

[Event "ISR-chT"]
[Site "Israel"]
[Date "2022.03.04"]
[Round "9.1"]
[White "Zifroni, Dov"]
[Black "Baron, Tal"]
[Result "1-0"]
[WhiteElo "2478"]
[BlackElo "2522"]
[PlyCount "149"]
[EventDate "2022.01.14"]
[EventType "team-tourn"]
[EventRounds "11"]
[EventCountry "ISR"]
[SourceTitle "EXT 2023"]
[Source "ChessBase"]
[SourceDate "2022.10.05"]
[SourceVersion "1"]
[SourceVersionDate "2022.10.05"]
[SourceQuality "1"]
[WhiteTeam "Herzliya"]
[BlackTeam "Rishon Le Zion"]
[WhiteTeamCountry "ISR"]
[BlackTeamCountry "ISR"]

1. d4 Nf6 2. Nf3 g6 3. g3 d5 4. Bg2 Nbd7 5. c4 dxc4 6. Qa4 Bg7 7. Nc3 0-0 8. Qxc4 Nb6 9. Qd3 Nbd5 10. e4 Nb4 11. Qd1 c5 12. d5 c4 13. 0-0 e6 14. d6 Bd7 15. Qe2 b5 16. Ne5 Rb8 17. Rd1 Ne8 18. a3 Na6 19. Bg5 f6 20. Nxd7 Qxd7 21. Be3 f5 22. a4 Nb4 23. exf5 gxf5 24. axb5 Nd3 25. Bxa7 Rd8 26. Bb6 Rc8 27. Ra6 Nxd6 28. Ra7 Qe8 29. Bc6 Qg6 30. Bd7 e5 31. Nd5 Qf7 32. Bc6 Qe6 33. Ne7+ Kh8 34. Nxc8 Nxc8 35. Rb7 Nxb6 36. Rxb6 e4 37. Rb7 Bd4 38. Qh5 Qg6 39. Qxg6 hxg6 40. Bd5 Rd8 41. Bxc4 Nxb2 42. Rc1 Rc8 43. b6 Nxc4 44. Rc7 Nxb6 45. Rxc8+ Nxc8 46. Rxc8+ Kg7 47. Rd8 Be5 48. h4 Kf7 49. Kg2 Ke7 50. Ra8 Kf7 51. Ra7+ Kf6 52. Ra6+ Kf7 53. Rc6 Bf6 54. Kf1 Bd4 55. Ke2 Kg7 56. Rc4 Bf6 57. Ke3 Bd8 58. Rc6 Ba5 59. Ke2 Bb4 60. Ra6 Bc3 61. Ra7+ Kf6 62. Ke3 Ke6 63. Ra6+ Kf7 64. Rc6 Bb4 65. Kf4 Be1 66. Rc2 Kf6 67. g4 Ke6 68. h5 fxg4 69. hxg6 Kf6 70. Kxg4 Kxg6 71. Kf4 Bb4 72. Rc6+ Kf7 73. Kxe4 Ba3 74. f4 Bb2 75. Kf5 1-0

[Event "ISR-chT"]
[Site "Israel"]
[Date "2022.02.12"]
[Round "6.5"]
[White "Zifroni, Dov"]
[Black "Shohat, Yotam"]
[Result "0-1"]
[WhiteElo "2478"]
[BlackElo "2323"]
[PlyCount "64"]
[EventDate "2022.01.14"]
[EventType "team-tourn"]
[EventRounds "11"]
[EventCountry "ISR"]
[SourceTitle "EXT 2023"]
[Source "ChessBase"]
[SourceDate "2022.10.05"]
[SourceVersion "1"]
[SourceVersionDate "2022.10.05"]
[SourceQuality "1"]
[WhiteTeam "Herzliya"]
[BlackTeam "Haifa Nesher"]
[WhiteTeamCountry "ISR"]
[BlackTeamCountry "ISR"]

1. d4 Nf6 2. c4 g6 3. Nc3 Bg7 4. e4 0-0 5. Be2 d6 6. Bg5 h6 7. Be3 Na6 8. Qd2 Kh7 9. f3 e5 10. d5 Nh5 11. 0-0-0 Nc5 12. g3 a5 13. Bxc5 dxc5 14. f4 Nf6 15. Nf3 Nd7 16. h4 Kg8 17. h5 Ra6 18. hxg6 fxg6 19. Nh4 Re8 20. Bg4 Nf6 21. Bxc8 Qxc8 22. f5 gxf5 23. exf5 e4 24. Rde1 Rb6 25. b3 Rd6 26. Nb5 Rd7 27. Qf4 Qd8 28. Ng6 c6 29. dxc6 bxc6 30. Nc3 Rd3 31. Nxe4 Nxe4 32. Rxe4 Rc3+ 0-1

[Event "ISR-chT"]
[Site "Israel"]
[Date "2020.09.04"]
[Round "9.6"]
[White "Zifroni, Dov"]
[Black "Sutovsky, Emil"]
[Result "1/2-1/2"]
[WhiteElo "2452"]
[BlackElo "2643"]
[PlyCount "74"]
[EventDate "2020.01.10"]
[EventType "team-tourn"]
[EventRounds "11"]
[EventCountry "ISR"]
[SourceTitle "EXT 2021"]
[Source "ChessBase"]
[SourceDate "2020.10.23"]
[SourceVersion "1"]
[SourceVersionDate "2020.10.23"]
[SourceQuality "1"]
[WhiteTeam "Herzliya"]
[BlackTeam "Ashdod Elite"]
[WhiteTeamCountry "ISR"]
[BlackTeamCountry "ISR"]

1. d4 Nf6 2. Nf3 g6 3. g3 d5 4. Bg2 Bg7 5. 0-0 0-0 6. c4 c6 7. cxd5 cxd5 8. Ne5 e6 9. Nc3 Bd7 10. Bg5 h6 11. Bf4 Nc6 12. Qd2 Nxe5 13. Bxe5 Qb6 14. Rfc1 Rfc8 15. Rc2 Bc6 16. Rac1 Qd8 17. Qd3 Bf8 18. Bf4 Nh5 19. Bd2 Nf6 20. Bf4 Nh5 21. Bd2 Bg7 22. e3 Nf6 23. Be1 Ne8 24. Bf1 Nd6 25. b3 Bf8 26. a4 Nf5 27. Na2 Ba3 28. Ra1 Be7 29. a5 a6 30. Qd1 Bd7 31. Rac1 Nd6 32. Bb4 Nf5 33. Bxe7 Nxe7 34. Rc5 Rxc5 35. Rxc5 Rc8 36. Qc1 Nf5 37. Rxc8 Qxc8 1/2-1/2

[Event "ISR-chT"]
[Site "Israel"]
[Date "2020.01.17"]
[Round "3.3"]
[White "Kobo, Ori"]
[Black "Zifroni, Dov"]
[Result "1/2-1/2"]
[WhiteElo "2445"]
[BlackElo "2452"]
[PlyCount "32"]
[EventDate "2020.01.10"]
[EventType "team-tourn"]
[EventRounds "11"]
[EventCountry "ISR"]
[SourceTitle "CBM 194 Extra"]
[Source "ChessBase"]
[SourceDate "2020.03.31"]
[SourceVersion "1"]
[SourceVersionDate "2020.03.31"]
[SourceQuality "1"]
[WhiteTeam "Rishon Le Zion Feldklein"]
[BlackTeam "Herzliya"]
[WhiteTeamCountry "ISR"]
[BlackTeamCountry "ISR"]

1. d4 Nf6 2. c4 e6 3. g3 d5 4. Bg2 dxc4 5. Nf3 c5 6. 0-0 Nc6 7. Qa4 Bd7 8. dxc5 Na5 9. Qa3 Rc8 10. b4 cxb3 11. axb3 Rxc5 12. Qb2 Be7 13. b4 Nc4 14. Qd4 Rc8 15. Rxa7 Bxb4 16. Rxb7 Bc5 1/2-1/2

[Event "ISR-chT"]
[Site "Israel"]
[Date "2019.04.05"]
[Round "11.4"]
[White "Steinberg, Nitzan"]
[Black "Zifroni, Dov"]
[Result "1-0"]
[WhiteElo "2530"]
[BlackElo "2442"]
[PlyCount "79"]
[EventDate "2019.01.04"]
[EventType "team-tourn"]
[EventRounds "11"]
[EventCountry "ISR"]
[SourceTitle "CBM 189 Extra"]
[Source "ChessBase"]
[SourceDate "2019.05.31"]
[SourceVersion "1"]
[SourceVersionDate "2019.05.31"]
[SourceQuality "1"]
[WhiteTeam "Petah Tikva Hapoel"]
[BlackTeam "Herzliya"]
[WhiteTeamCountry "ISR"]
[BlackTeamCountry "ISR"]

1. e4 e5 2. Nf3 Nc6 3. Bb5 Nf6 4. 0-0 Nxe4 5. Re1 Nd6 6. Nxe5 Be7 7. Bf1 Nxe5 8. Rxe5 0-0 9. Nc3 Bf6 10. Re1 Re8 11. Nd5 Rxe1 12. Qxe1 b6 13. g3 Bb7 14. Bg2 Bxd5 15. Bxd5 c6 16. Bf3 Nc4 17. Rb1 Qe8 18. Qd1 Qe6 19. b3 Ne5 20. Bg2 Ng6 21. d4 Re8 22. Be3 Ne7 23. Qd3 Nd5 24. Bd2 Qd6 25. c3 b5 26. Rd1 a5 27. Bf3 h6 28. h4 b4 29. c4 Nc3 30. Bxc3 bxc3 31. Qxc3 Qb4 32. Qd3 Re1+ 33. Rxe1 Qxe1+ 34. Kg2 Kf8 35. Bg4 d6 36. Bf3 Qa1 37. Qf5 Qxd4 38. Qc8+ Ke7 39. Bxc6 Be5 40. Qd7+ 1-0

[Event "ISR-chT"]
[Site "Israel"]
[Date "2019.02.09"]
[Round "4.4"]
[White "Mindlin, Alon"]
[Black "Zifroni, Dov"]
[Result "1/2-1/2"]
[WhiteElo "2462"]
[BlackElo "2442"]
[PlyCount "53"]
[EventDate "2019.01.04"]
[EventType "team-tourn"]
[EventRounds "11"]
[EventCountry "ISR"]
[SourceTitle "CBM 188 Extra"]
[Source "ChessBase"]
[SourceDate "2019.02.28"]
[SourceVersion "1"]
[SourceVersionDate "2019.02.28"]
[SourceQuality "1"]
[WhiteTeam "Kfar Saba"]
[BlackTeam "Herzliya"]
[WhiteTeamCountry "ISR"]
[BlackTeamCountry "ISR"]

1. d4 Nf6 2. c4 e6 3. Nf3 d5 4. Nc3 Bb4 5. e3 0-0 6. Bd3 b6 7. 0-0 Ba6 8. cxd5 exd5 9. Bxa6 Nxa6 10. Qd3 Nb8 11. a3 Bd6 12. e4 dxe4 13. Nxe4 Nxe4 14. Qxe4 Nd7 15. Bg5 Re8 16. Qc6 Nf6 17. d5 h6 18. Bh4 Be7 19. Rfd1 Ne4 20. Bxe7 Rxe7 21. Re1 Qe8 22. Nd4 Rd8 23. Qxe8+ Rexe8 24. Nb5 Nf6 25. Nxc7 Rxe1+ 26. Rxe1 Rd7 27. Nb5 1/2-1/2

[Event "Herzliya"]
[Site "Herzliya"]
[Date "2017.12.03"]
[Round "3"]
[White "Zifroni, Dov"]
[Black "Flom, Gabriel"]
[Result "1/2-1/2"]
[WhiteElo "2450"]
[BlackElo "2474"]
[PlyCount "89"]
[EventDate "2017.12.01"]
[EventType "tourn"]
[EventRounds "9"]
[EventCountry "ISR"]
[EventCategory "7"]
[SourceTitle "CBM 182 Extra"]
[Source "ChessBase"]
[SourceDate "2018.02.23"]
[SourceVersion "1"]
[SourceVersionDate "2018.02.23"]
[SourceQuality "1"]

1. Nf3 d5 2. e3 Nf6 3. c4 c6 4. Nc3 e6 5. Qc2 Bd6 6. d4 Nbd7 7. Bd3 0-0 8. 0-0 dxc4 9. Bxc4 b5 10. Be2 Bb7 11. e4 e5 12. dxe5 Nxe5 13. Nh4 g6 14. g3 b4 15. Nd1 c5 16. f3 Qc7 17. Bg5 Ned7 18. Bc4 Be5 19. Ne3 Bd4 20. Rae1 Nb6 21. Kh1 Rfe8 22. Nhg2 Qe5 23. Bf4 Qe7 24. Bb5 Red8 25. Nc4 Nxc4 26. Bxc4 Nd7 27. Qc1 Nb6 28. Bg5 Bf6 29. Bxf6 Qxf6 30. Be2 c4 31. Ne3 c3 32. Ng4 Qe6 33. bxc3 h5 34. Nh6+ Kg7 35. Qg5 bxc3 36. Nf5+ Kg8 37. Rd1 Rd2 38. Rxd2 cxd2 39. Nd4 Qxa2 40. Rd1 Qb2 41. Rxd2 Qc1+ 42. Kg2 Nc4 43. Nb3 Qc3 44. Rd3 Qb2 45. Nd4 1/2-1/2

[Event "Herzliya"]
[Site "Herzliya"]
[Date "2016.08.26"]
[Round "3"]
[White "Nedobora, Mikhail"]
[Black "Zifroni, Dov"]
[Result "1-0"]
[WhiteElo "2414"]
[BlackElo "2459"]
[PlyCount "113"]
[EventDate "2016.08.24"]
[EventType "tourn"]
[EventRounds "9"]
[EventCountry "ISR"]
[EventCategory "7"]
[SourceTitle "EXT 2017"]
[Source "ChessBase"]
[SourceDate "2016.10.25"]
[SourceVersion "1"]
[SourceVersionDate "2016.10.25"]
[SourceQuality "1"]

1. Nf3 Nf6 2. c4 c5 3. g3 b6 4. Bg2 Bb7 5. 0-0 g6 6. d4 cxd4 7. Qxd4 Bg7 8. Nc3 d6 9. Be3 Nbd7 10. Rac1 a6 11. Qd2 0-0 12. Nd5 b5 13. Nd4 Rb8 14. Nb4 Bxg2 15. Kxg2 Qc8 16. cxb5 Qb7+ 17. f3 axb5 18. Nbc6 Rbe8 19. Qd3 b4 20. Qc4 e5 21. Nb5 Re6 22. Nc7 Qxc7 23. Ne7+ Rxe7 24. Qxc7 Nd5 25. Qxd6 Nxe3+ 26. Kg1 Bf6 27. Rfe1 b3 28. axb3 e4 29. fxe4 Ng4 30. Rc7 Nge5 31. Qxf6 Nxf6 32. Rxe7 Nfd7 33. Rd1 Rb8 34. Rdxd7 Nxd7 35. Rxd7 Rxb3 36. Rd2 Re3 37. b4 Rb3 38. Rd4 h5 39. Kf2 Kf8 40. Rd8+ Ke7 41. Rb8 h4 42. b5 hxg3+ 43. hxg3 Kf6 44. b6 Kg5 45. Rb7 f6 46. Rb8 Kg4 47. b7 Kg5 48. Ke1 Rb1+ 49. Kd2 Rb2+ 50. Kc3 Rb1 51. Kd4 Rd1+ 52. Kc5 Rc1+ 53. Kd5 Rb1 54. Ke6 Rb4 55. e5 Rb6+ 56. Kd5 fxe5 57. Kxe5 1-0

[Event "ISR-chT"]
[Site "Israel"]
[Date "2015.03.20"]
[Round "7.5"]
[White "Sutovsky, Emil"]
[Black "Zifroni, Dov"]
[Result "1-0"]
[WhiteElo "2637"]
[BlackElo "2491"]
[PlyCount "101"]
[EventDate "2015.01.09"]
[EventType "team-tourn"]
[EventRounds "11"]
[EventCountry "ISR"]
[SourceTitle "EXT 2016"]
[Source "ChessBase"]
[SourceDate "2015.10.08"]
[SourceVersion "1"]
[SourceVersionDate "2015.10.08"]
[SourceQuality "1"]
[WhiteTeam "Ashdod Illit"]
[BlackTeam "Herzliya"]
[WhiteTeamCountry "ISR"]
[BlackTeamCountry "ISR"]

1. e4 e6 2. d4 d5 3. Nc3 Bb4 4. e5 c5 5. a3 Bxc3+ 6. bxc3 Qa5 7. Bd2 Qa4 8. Qg4 g6 9. Nf3 c4 10. Be2 Nc6 11. 0-0 Bd7 12. Ra2 0-0-0 13. Bg5 Rf8 14. Qh4 h6 15. Rb1 b6 16. h3 Kb7 17. Bf1 Ka8 18. Re1 Qa5 19. a4 Rh7 20. Ra3 Re8 21. Bf6 Nxf6 22. exf6 Rhh8 23. Qf4 Rb8 24. Rb1 Rb7 25. Rb5 Qa6 26. Qd6 Rc8 27. h4 Nb8 28. Rb4 b5 29. Qf4 Nc6 30. Rb1 h5 31. Qd6 bxa4 32. Rxb7 Qxb7 33. Rxa4 Nxd4 34. Rxa7+ Kxa7 35. cxd4 Bb5 36. Ne5 Rc7 37. Qa3+ Qa6 38. Qf8 Qb7 39. Kh2 Ba6 40. Kg3 Qb8 41. Qxb8+ Kxb8 42. Kf4 Kc8 43. Kg5 Kd8 44. Kh6 Ke8 45. Kg7 Bb5 46. Be2 Ba4 47. c3 Bc2 48. g4 hxg4 49. Bxg4 Bf5 50. Bd1 Ra7 51. Kg8 1-0